000 00381nam a22001697a 4500
005 20160614113657.0
008 160614b xxu||||| |||| 00| 0 eng d
020 _a81-7649-525-5
041 _aeng
082 _b7369
100 _abonet, Diana
_91870
245 _aThe Business of listening
260 _bViva Books
300 _a102
650 _aManagement
_9241
942 _cBK
999 _c2624
_d2623